Guess the song by 2 lines - Statistics

General Stats
  • This quiz has been taken 15 times
  • The average score is 4 of 14
Answer Stats
Hint Answer % Correct
I came in like a wrecking ball Wrecking Ball
92%
Take me down to the paradise city Paradise City
83%
But lovers always come, and lovers always go November Rain
33%
So tell me what you want, what you really, really want Wannabe
33%
But darling when I hold you. Guns n Roses
25%
Where the land is green, and the girls are pretty. Guns n Roses
25%
I never hit so hard in love Miley Cyrus
25%
I wish I could pretend I didn't need ya Senorita
25%
That's the price you pay Natural
17%
I wanna ha, I wanna ha, I wanna ha, I wanna ha. Spice Girls
17%
I don't wanna be the reason for your love no more Bye Bye Bye
8%
Cause you're standing on the edge face up. Imagine Dragons
8%
I don't wanna be your fool. NSYNC
8%
It's true la, la, la, Shawn Mendes, Camila Cabello
8%
No matching quizzes found
Score Distribution
Percent of People with Each Score
Percentile by Number Answered
Your Score History
You have not taken this quiz